Statistics for September 7th: Birthdays

Click here to take the quiz!

General Stats

  • This quiz has been taken 5 times
  • The average score is 2 of 9

Answer Stats

YearClueAnswer% Correct
1936Artist of Peggy SueBuddy Holly
80%
1533Queen of England and IrelandElizabeth I
80%
1951Part of band The PretendersChrissie Hynde
60%
1908NFL hall of fame coachPaul Brown
20%
1926Paranormal InvestigatorEd Warren
0%
1860Painted Old Oaken BucketGrandma Moses
0%
1836British Prime MinisterHenry Campbell-Bannerman
0%
1923Co-Founder of the LPGALouise Suggs
0%
1942Part of the Gambino crime familyRoy DeMeo
0%

Score Distribution

Percentile by Number Answered

Percent of People with Each Score

Your Score History

You have not taken this quiz